Wiedźmin - Rozpoznaj postać po cytacie - Statystyki

Ogólne statystyki
  • Ten quiz został rozwiązany 5 366 razy
  • Średni wynik to 11 z 17
Statystyki odpowiedzi
Cytat Postać % Poprawnych
"Jeśli mam wybierać między złem a złem, wolę nie wybierać wcale" Geralt z Rivii
98%
"Odkąd zostawiłam ciebie i Yen na Wyspie Jabłoni, Eredin i jego Czerwoni Jeźdźcy cały czas deptali mi po piętach... Uciekałam przez różne światy aż raz prawie mnie dopadli" Ciri
84%
"Jak ci się podoba życie byłej doradczyni króla Temerii? Pogromczyni szczurów... Nisko upadłam, co?" Triss Merigold
84%
"To ja. Chodź męty tego miasta mówią o mnie Karmazynowy Mściciel!" Jaskier
83%
"Wszystko w porządku. Rany na wampirach goją się lepiej niż na psach. Kopę lat, wiedźminie. Oczywiście jak waszą miarę czasu" Regis
81%
"Myślałam... Że staniesz się dla mnie obcym człowiekiem... Że spojrzę na ciebie i nie będę nic czuć... Ale wcale tak nie jest. Nic się nie zmieniło" Yennefer z Vengerbergu
80%
"Mówią, że to królewska gra. Ponoć szachy uczą strategicznego myślenia" Radowid
78%
"As wywiadu. Gratuluję dedukcji, ku*wa mać." Talar
72%
"Iorweth - Zwykły Skur**syn" Vernon Roche
71%
"Będę chytry jak lis i delikatny jak młode cycuszki! Załatwię ci ten miecz choćbym miał zgolić brodę!" Zoltan Chivay
64%
"A ty... Jesteś bufon... ale ku*wa... W ogień bym za tobą skoczył. Chodź no tu bracie!" Lambert
62%
"Czy ty mnie w ogóle słuchasz? Ktoś tu wpuścił te niedźwiedzie. Odpowiedź na to, kto za tym stoi jest na tej sali" Cerys
61%
"Na szlak moich blizn poprowadź palec, By nasze drogi spleść gwiazdom na przekór..." Priscilla
61%
"To nie są żadne bękarty. To moje dzieci! Jeszcze raz usłyszę słowo bękart a komuś stanie się krzywda! Foltest
59%
"Geralt istnieją trzy wymiary. Długość, szerokość i wysokość. Czas jest czwartym wymiarem. Na moim miejscu ukochałbyś sobie szerokość? No, proszę cię." Gaunter O'Dimm
49%
"Może waść chcesz zaczekać, aż siąpić przestanie?" Olgierd von Everec
37%
"No proszę wilczek warczy. Ciekawe czy gryźć też potrafi? Przydałby mi się człowiek do mokrej roboty" Baranina
17%
Nie znaleziono quizów pasujących do podanych kryteriów
Rozkład punktacji
Procent ludzi z każdym wynikiem
Percentyl według liczby udzielonych odpowiedzi
Twoja historia wyników
Nie rozwiązałeś tego quizu